000
00258nam a22001097a 4500
008
240711b |||||||| |||| 00| 0 eng d
100
_a
Punjwani, Ram
_9
16883
245
_a
Yad Kanda
260
_a
Bombay:
_b
Bharat Jivan;
_c
1968.
300
_a
128p.
942
_c
BK
999
_c
40031
_d
40031